[Event "Autumn Leaves Tourney"]
[Site "SchemingMind.com"]
[Date "2018.10.15"]
[Round "-"]
[White "Mitch The Man"]
[Black "James Reed"]
[Result "1-0"]
[WhiteCountry "USA"]
[BlackCountry "ENG"]
[WhiteElo "1394"]
[WhiteRD "63"]
[BlackElo "1380"]
[BlackRD "95"]
[GameID "433614"]

1. e4 c5 2. c4 Nc6 3. Nf3 e5 4. a3 Nf6 5. Bd3 h6 6. O-O a6 7. h3 Be7 8. Bc2 O-O 9. d3 b6 10. Bd2 Nd4
11. Nxd4 Bb7 12. Nf5 d6 13. Nxe7+ Qxe7 14. Ba4 Rfd8 15. Qb3 Qc7 16. Kh2 a5 17. Be3 Bc6 18. Bxc6 Qxc6 19. Nd2 a4 20. Qb5 Qxb5
21. cxb5 Ra5 22. Ra2 Rxb5 23. Nc4 d5 24. Nxe5 Nd7 25. Nc6 Re8 26. Na7 Ra5 27. Nc6 Raa8 28. exd5 Ne5 29. Nxe5 Rxe5 30. d6 Rd8
31. d4 Rd5 32. dxc5 bxc5 33. Bf4 Rd4 34. Bg3 c4 35. Re1 Kh7 36. Re2 f6 37. Re7 Rd2 38. Bf4 Rd3 39. d7 R3xd7 40. Rxd7 Rxd7
41. Ra1 Rd4 42. Be3 Rd7 43. Rc1 Rc7 44. Bd4 Kg6 45. Bc3 Rd7 46. Rc2 h5 47. Bb4 f5 48. Rxc4 Rb7 49. Rc6+ Kh7 50. Kg3 g6
51. Rc8 Kh6 52. Bf8+ Kg5 53. h4+ Kf6 54. Bb4 g5 55. Rc6+ Kf7 56. hxg5 Rd7 57. Rf6+ Ke8 58. Rf8#
1-0

[Event "Autumn Leaves Tourney"]
[Site "SchemingMind.com"]
[Date "2018.10.14"]
[Round "-"]
[White "James Reed"]
[Black "Mitch The Man"]
[Result "0-1"]
[WhiteCountry "ENG"]
[BlackCountry "USA"]
[WhiteElo "1382"]
[WhiteRD "96"]
[BlackElo "1374"]
[BlackRD "66"]
[GameID "433615"]

1. e4 e5 2. Nf3 d6 3. Nc3 c6 4. Bc4 Be7 5. h3 Bf6 6. O-O Ne7 7. a3 O-O 8. Re1 Bd7 9. d3 b5 10. Bb3 Na6
11. Be3 Kh8 12. Qe2 c5 13. Nd5 Nxd5 14. Bxd5 Rb8 15. c3 Be6 16. Bxe6 fxe6 17. b3 Nc7 18. b4 a6 19. a4 Qe7 20. a5 Rg8
21. Rac1 h6 22. d4 cxd4 23. cxd4 Ne8 24. Rc6 Nc7 25. Rcc1 Rgd8 26. Red1 Rb7 27. Nh2 Qf7 28. Ng4 exd4 29. Nxh6 gxh6 30. Bxh6 Qg6
31. Bf4 e5 32. Bg3 Rd7 33. Qf3 Rf7 34. Qd3 Bg5 35. Rb1 Ne6 36. f3 Be3+ 37. Kh2 Nf4 38. Bxf4 Bxf4+ 39. Kg1 Qg3 40. Qe2 Qh2+
41. Kf2 Bg3+ 42. Kf1 Qh1#
0-1

[Event "Autumn Leaves Tourney"]
[Site "SchemingMind.com"]
[Date "2018.11.23"]
[Round "-"]
[White "Mitch The Man"]
[Black "Black Knight"]
[Result "1-0"]
[WhiteCountry "USA"]
[BlackCountry "USA"]
[WhiteElo "1394"]
[WhiteRD "63"]
[BlackElo "1301"]
[BlackRD "52"]
[GameID "434967"]

1. e4 c5 2. e5 Nc6 3. Nf3 e6 4. c3 g6 5. Be2 Bg7 6. O-O Nxe5 7. Nxe5 Bxe5 8. d3 d5 9. a4 Ne7 10. Bh6 Ng8
11. Bc1 Bd7 12. a5 a6 13. Qc2 Bg7 14. Ra2 Ne7 15. Bd2 O-O 16. c4 d4 17. Bf4 Nf5 18. Bg4 e5 19. Bxf5 Bxf5 20. Bg3 Bh6
21. Bxe5 Bg7 22. Bxg7 Kxg7 23. Nd2 Qf6 24. Nb3 Rac8 25. Qd2 Rfe8 26. Raa1 Rc6 27. Rae1 Rce6 28. Rxe6 Rxe6 29. Nxc5 Re7 30. Re1 h5
31. Rxe7 Qxe7 32. Nb3 Qe5 33. f4 Qe3+ 34. Qxe3 dxe3 35. Kf1 Bxd3+ 36. Ke1 Kf6 37. Nc1 Bxc4 38. b3 Bb5 39. b4 e2 40. Nxe2 Bxe2
41. Kxe2 Kf5 42. Kf3 g5 43. fxg5 Kxg5 44. g3 f5 45. h4+ Kf6 46. Kf4 Ke6 47. Kg5 Kf7 48. Kxf5 Kg7 49. Kg5 Kh7 50. Kxh5 Kg7
51. Kg5 Kh7 52. h5 Kh8 53. Kg6 Kg8 54. h6 Kh8 55. g4 Kg8 56. g5 Kh8 57. Kf6
1-0

[Event "Autumn Leaves Tourney"]
[Site "SchemingMind.com"]
[Date "2018.11.23"]
[Round "-"]
[White "Black Knight"]
[Black "Mitch The Man"]
[Result "1-0"]
[WhiteCountry "USA"]
[BlackCountry "USA"]
[WhiteElo "1363"]
[WhiteRD "54"]
[BlackElo "1374"]
[BlackRD "66"]
[GameID "434968"]

1. e4 e5 2. Nf3 Nc6 3. Bb5 Bd6 4. O-O Nh6 5. d3 O-O 6. Bxh6 gxh6 7. Nc3 Nd4 8. Nxd4 exd4 9. Ne2 Be5 10. f4 c6
11. Ba4 b5 12. fxe5 bxa4 13. Nxd4 c5 14. Ne2 Ba6 15. c4 Rb8 16. Rb1 Qe7 17. Qxa4 Rb6 18. Nc3 Rc6 19. Nd5 Qd8 20. Rf6 Rxf6
21. Nxf6+ Kh8 22. Qxa6 Qc7 23. Rf1 Kg7 24. Nh5+ Kh8 25. Qxh6 Rg8 26. Rxf7 Qxe5 27. Qxh7#
1-0

[Event "Autumn Leaves Tourney"]
[Site "SchemingMind.com"]
[Date "2018.11.24"]
[Round "-"]
[White "Black Knight"]
[Black "James Reed"]
[Result "0-1"]
[WhiteCountry "USA"]
[BlackCountry "ENG"]
[WhiteElo "1301"]
[WhiteRD "52"]
[BlackElo "1380"]
[BlackRD "95"]
[GameID "434969"]

1. e4 c5 2. Nf3 d6 3. Bb5+ Bd7 4. Nc3 e6 5. O-O a6 6. Bxd7+ Nxd7 7. d3 Ngf6 8. Bg5 Be7 9. Re1 O-O 10. Bxf6 Bxf6
11. d4 Re8 12. a3 h6 13. e5 Be7 14. dxc5 dxc5 15. b3 Qc7 16. Qe2 b6 17. Ne4 b5 18. c4 Rab8 19. Nd6 Bxd6 20. exd6 Qxd6
21. Rad1 Qe7 22. Ne5 Nxe5 23. Qxe5 bxc4 24. bxc4 Rb3 25. a4 Rb4 26. Rd6 Rxa4 27. g3 Rxc4 28. Rxa6 Rg4 29. Re4 Rxe4 30. Qxe4 e5
31. Ra5 Rc8 32. f4 c4 33. Ra2 c3 34. fxe5 Qe6 35. Ra8 Rxa8 36. Qxa8+ Kh7 37. Qe4+ g6 38. Qc2 Qxe5 39. Kf1 f5 40. Kg2 Qe4+
0-1

[Event "Autumn Leaves Tourney"]
[Site "SchemingMind.com"]
[Date "2018.11.24"]
[Round "-"]
[White "James Reed"]
[Black "Black Knight"]
[Result "1-0"]
[WhiteCountry "ENG"]
[BlackCountry "USA"]
[WhiteElo "1320"]
[WhiteRD "86"]
[BlackElo "1256"]
[BlackRD "50"]
[GameID "434970"]

1. e4 c5 2. Nf3 Nc6 3. d4 d6 4. Bb5 Bd7 5. a3 Nf6 6. Nc3 a6 7. Bc4 b5 8. Bb3 c4 9. Ba2 e6 10. h3 Be7
11. O-O O-O 12. Re1 d5 13. Bf4 Re8 14. Ne5 Nxe5 15. Bxe5 b4 16. Ne2 Nxe4 17. axb4 Bxb4 18. c3 Bd6 19. Bxd6 Nxd6 20. Ng3 Nf5
21. Nxf5 exf5 22. b3 Re4 23. bxc4 Qc7 24. Qc2 dxc4 25. Rxe4 fxe4 26. Qxe4 Re8 27. Qf3 Qa5 28. Qd1 Qd5 29. Rb1 Bxh3 30. gxh3 Qg5+
31. Qg4 Qxg4+ 32. hxg4 Rc8 33. Rb4 a5 34. Ra4 Ra8 35. Bxc4 Ra7 36. Bd3 g6 37. d5 Kf8 38. c4 Ke7 39. f3 Kd6 40. f4 Kc5
41. Kf2 Kd4 42. Bf1 f5 43. gxf5 gxf5 44. Bh3 Kc3 45. c5 Kb3 46. Ra1 Kb2 47. Re1 a4 48. Bxf5 a3 49. d6 a2 50. Re2+ Kc3
51. Rc2+ Kb3 52. Rc1 Kb2 53. Rc2+ Kb3 54. Rxa2 Kxa2 55. d7 Ra8 56. c6
1-0

[Event "Autumn Leaves Tourney"]
[Site "SchemingMind.com"]
[Date "2018.12.27"]
[Round "-"]
[White "Mitch The Man"]
[Black "krzysztof"]
[Result "1-0"]
[WhiteCountry "USA"]
[BlackCountry "POL"]
[WhiteElo "1326"]
[WhiteRD "61"]
[BlackElo "1521"]
[BlackRD "67"]
[GameID "436320"]

1. e4 e6 2. e5 d6 3. Nf3 dxe5 4. Nxe5 Bd6 5. Nc4 b6 6. Nxd6+ Qxd6 7. d3 Bb7 8. Be3 Nf6 9. Qd2 Nbd7 10. h3 O-O-O
11. Bf4 e5 12. Bg3 Rhe8 13. Be2 Bxg2 14. Rh2 Bb7 15. Nc3 c6 16. O-O-O a6 17. Kb1 Nd5 18. Bg4 Kb8 19. Nxd5 cxd5 20. d4 Qg6
21. dxe5 Ka8 22. Bf3 Nc5 23. Rg2 f6 24. Bh2 fxe5 25. Rxg6 hxg6 26. Qb4 Ka7 27. Qd2 e4 28. Bg2 d4 29. Qb4 d3 30. Bc7 Rd5
31. Qxb6+ Ka8 32. cxd3 Na4 33. Qxg6 Rxd3 34. Qxe8+ Ka7 35. Qb8#
1-0

[Event "Autumn Leaves Tourney"]
[Site "SchemingMind.com"]
[Date "2018.12.27"]
[Round "-"]
[White "krzysztof"]
[Black "Mitch The Man"]
[Result "1-0"]
[WhiteCountry "POL"]
[BlackCountry "USA"]
[WhiteElo "1528"]
[WhiteRD "71"]
[BlackElo "1370"]
[BlackRD "60"]
[GameID "436321"]

1. g3 d5 2. Bg2 e6 3. d4 Be7 4. Nf3 Bf6 5. Ne5 Bxe5 6. dxe5 Ne7 7. Bg5 O-O 8. Nd2 Qd7 9. Nf3 Ng6 10. h4 h6
11. Be3 h5 12. Bh3 b6 13. g4 hxg4 14. Bxg4 Nh8 15. Qd3 Ba6 16. Qa3 Re8 17. h5 c5 18. b3 Bb7 19. Qc1 Kf8 20. Bg5 Kg8
21. h6 g6 22. Bf6 Nc6 23. h7+
1-0

[Event "Autumn Leaves Tourney"]
[Site "SchemingMind.com"]
[Date "2018.12.27"]
[Round "-"]
[White "Black Knight"]
[Black "krzysztof"]
[Result "0-1"]
[WhiteCountry "USA"]
[BlackCountry "POL"]
[WhiteElo "1332"]
[WhiteRD "53"]
[BlackElo "1574"]
[BlackRD "62"]
[GameID "436322"]

1. e4 e6 2. d4 Bb4+ 3. Bd2 Bxd2+ 4. Nxd2 d5 5. e5 Nc6 6. Ngf3 h6 7. Bb5 a6 8. Bxc6+ bxc6 9. O-O Ne7 10. Re1 Nf5
11. c3 g5 12. g4 Ng7 13. Qc2 h5 14. h3 hxg4 15. hxg4 Kd7 16. Kf1 a5 17. Ke2 Ba6+ 18. c4 f5 19. exf6 Qxf6 20. Ne5+ Kd6
21. Kd1 Bb7 22. c5+ Ke7 23. Ndf3 Rh6 24. Kd2 Rh3 25. Qb3 Ra7 26. Rad1 Ra6 27. Kc1 Ra7 28. Qe3 a4 29. Qe2 a3 30. b3 Ra8
31. Rd3 Ke8 32. Qd2 Ba6 33. Rde3 Qh6 34. Nxc6 Rh1 35. Nce5 Rxe1+ 36. Rxe1 Bb5 37. c6 Ra6 38. Qxg5 Qxg5+ 39. Nxg5 Bxc6 40. Nxc6 Rxc6+
41. Kb1 Ke7 42. f4 Kf6 43. Rc1 Rxc1+ 44. Kxc1 Ne8 45. Kc2 Nd6 46. Kd3 Nf7 47. Nxf7 Kxf7 48. Kc3 Kf6 49. b4 c6 50. Kb3 e5
51. Kxa3 exf4
0-1

[Event "Autumn Leaves Tourney"]
[Site "SchemingMind.com"]
[Date "2018.12.27"]
[Round "-"]
[White "krzysztof"]
[Black "Black Knight"]
[Result "1-0"]
[WhiteCountry "POL"]
[BlackCountry "USA"]
[WhiteElo "1528"]
[WhiteRD "71"]
[BlackElo "1256"]
[BlackRD "50"]
[GameID "436323"]

1. c4 e5 2. Nc3 Bb4 3. a3 Bxc3 4. bxc3 Nf6 5. d4 O-O 6. Bg5 d6 7. d5 Bf5 8. Nh3 Bxh3 9. gxh3 Nbd7 10. h4 Qe8
11. Bh3 h6 12. Be3 c5 13. Rg1 e4 14. Bxh6 Kh7 15. Be3 Ne5 16. Bf5+ g6 17. Bh3 Rh8 18. Bg5 Nh5 19. Bg4 Nxg4 20. Rxg4 f5
21. Rg1 Rf8 22. Qc1 Kg8 23. Bh6 Rf7 24. Rxg6+ Kh7 25. Qg5 Rg7 26. Rxg7+ Kh8 27. Rxb7 Qe5 28. Bg7+ Nxg7 29. Rab1 Qxc3+ 30. Kf1 Rg8
31. Qh6#
1-0

[Event "Autumn Leaves Tourney"]
[Site "SchemingMind.com"]
[Date "2018.12.28"]
[Round "-"]
[White "krzysztof"]
[Black "James Reed"]
[Result "1-0"]
[WhiteCountry "POL"]
[BlackCountry "ENG"]
[WhiteElo "1574"]
[WhiteRD "62"]
[BlackElo "1271"]
[BlackRD "87"]
[GameID "436324"]

1. c4 Nf6 2. Nc3 e6 3. e4 a6 4. d3 Nc6 5. a3 h6 6. Be3 Bd6 7. Nf3 b6 8. Be2 Bb7 9. Nd4 Nxd4 10. Bxd4 O-O
11. O-O Qe7 12. f4 e5 13. fxe5 Bxe5 14. Bxe5 Qxe5 15. Rf5 Qe6 16. Bg4 Qc6 17. Qf3 Nxg4 18. Qxg4 Qg6 19. Qf4 d6 20. Rf1 Bc8
21. Nd5 Bxf5 22. Ne7+ Kh7 23. Nxg6 Bxg6 24. Qg4 c5 25. Qd7 b5 26. Qc6 Rfd8 27. cxb5 axb5 28. Qd5 f6 29. Qe6 Rac8 30. Qb3 c4
31. dxc4 bxc4 32. Qe3 Re8 33. Rf4 d5 34. g4 dxe4 35. h4
1-0

[Event "Autumn Leaves Tourney"]
[Site "SchemingMind.com"]
[Date "2018.12.27"]
[Round "-"]
[White "James Reed"]
[Black "krzysztof"]
[Result "0-1"]
[WhiteCountry "ENG"]
[BlackCountry "POL"]
[WhiteElo "1271"]
[WhiteRD "87"]
[BlackElo "1574"]
[BlackRD "62"]
[GameID "436325"]

1. e4 e6 2. d4 Na6 3. Bxa6 bxa6 4. Nc3 Bb4 5. Bd2 Rb8 6. a3 Be7 7. Nf3 Rxb2 8. Qc1 Rb8 9. O-O h6 10. Re1 d6
11. h3 Bh4 12. e5 d5 13. Bf4 f6 14. Nxh4 Ne7 15. Na4 g5 16. Bg3 gxh4 17. Bxh4 fxe5 18. Nc5 Qd6 19. Bxe7 Kxe7 20. Rxe5 Bd7
21. Nxd7 Kxd7 22. Re3 Rbg8 23. Re5 Rg6 24. Qe1 Rhg8 25. g3 Rg5 26. Rb1 Rxe5 27. Qd2 Reg5 28. Kg2 e5 29. c3 e4 30. Qe2 h5
31. a4 Qe6 32. h4 Rg4 33. Qe3 Rxh4 34. Rh1 Rxh1 35. Kxh1 Qh3+
0-1

[Event "Autumn Leaves Tourney"]
[Site "SchemingMind.com"]
[Date "2019.01.12"]
[Round "-"]
[White "Mitch The Man"]
[Black "aliwood"]
[Result "0-1"]
[WhiteCountry "USA"]
[BlackCountry "ENG"]
[WhiteElo "1370"]
[WhiteRD "60"]
[BlackElo "1315"]
[BlackRD "58"]
[GameID "436929"]

1. e4 e5 2. Nf3 Nc6 3. h3 d6 4. Bc4 Nf6 5. Bxf7+ Kxf7 6. Nc3 Be6 7. O-O Kg8 8. a3 Ne7 9. Ng5 Bc4 10. d3 Ba6
11. Ne6 Qc8 12. Nxf8 Qxf8 13. Bg5 Ng6 14. Bxf6 Qxf6 15. Nd5 Qd8 16. g3 b6 17. Ne3 Bc8 18. c4 Bxh3 19. Ng2 h5 20. Kh2 Qd7
21. b3 h4 22. Ra2 hxg3+ 23. fxg3 Bg4+ 24. Kg1 Bxd1 25. Rxd1 Rf8
0-1

[Event "Autumn Leaves Tourney"]
[Site "SchemingMind.com"]
[Date "2019.01.12"]
[Round "-"]
[White "aliwood"]
[Black "Mitch The Man"]
[Result "1-0"]
[WhiteCountry "ENG"]
[BlackCountry "USA"]
[WhiteElo "1391"]
[WhiteRD "58"]
[BlackElo "1326"]
[BlackRD "61"]
[GameID "436930"]

1. Nf3 d6 2. e4 e5 3. c3 Be7 4. d4 Nd7 5. Be2 Bf6 6. O-O Ne7 7. d5 O-O 8. Be3 a6 9. Re1 b6 10. a3 Bb7
11. b4 Ng6 12. Nbd2 c6 13. c4 cxd5 14. cxd5 b5 15. Rc1 Rc8 16. Rxc8 Qxc8 17. Nb3 Nf4 18. Bxf4 exf4 19. e5 Nxe5 20. h3 Nxf3+
21. Bxf3 Bc3 22. Re2 Be5 23. Rc2 Qd8 24. Na5 Ba8 25. Nc6 Bxc6 26. dxc6 Qc7 27. Rc1 Bb2 28. Rc2 Be5 29. a4 Rb8 30. axb5 Rxb5
31. Qd2 g6 32. Bg4 h5 33. Bd7 a5 34. bxa5 Rb1+ 35. Rc1 Rb2 36. Rc2 Rxc2 37. Qxc2 Bd4 38. Qd3 Be5 39. a6 Qa7 40. Qb5 Kg7
41. Qb7
1-0

[Event "Autumn Leaves Tourney"]
[Site "SchemingMind.com"]
[Date "2019.01.11"]
[Round "-"]
[White "aliwood"]
[Black "Black Knight"]
[Result "0-1"]
[WhiteCountry "ENG"]
[BlackCountry "USA"]
[WhiteElo "1315"]
[WhiteRD "58"]
[BlackElo "1256"]
[BlackRD "50"]
[GameID "436931"]

1. Nf3 d5 2. d4 Nc6 3. c4 Nf6 4. e3 Bg4 5. Be2 Bxf3 6. Bxf3 e6 7. O-O dxc4 8. Nc3 Bb4 9. a3 Bxc3 10. bxc3 O-O
11. Rb1 Rb8 12. Bd2 Nd5 13. e4 Nb6 14. e5 Ne7 15. Rb2 Nbd5 16. Be2 b5 17. f4 Nf5 18. Qc1 Qd7 19. g4 Nfe7 20. Bf3 a6
21. Be1 c6 22. Bg3 Ng6 23. f5 exf5 24. g5 f4 25. Bxd5 Qxd5 26. Bf2 Qf3 27. Bg3 Qg4 28. Rg2 Qxg5 29. Bxf4 Qe7 30. Bg5 f6
31. exf6 gxf6 32. Bh6 Rf7 33. Rff2 Rd8 34. Qf4 Kh8 35. Qg3 Rg8 36. Qh3 Qxa3 37. Bd2 Ne7 38. Rxg8+ Nxg8 39. Qc8 Rg7+ 40. Rg2 Rxg2+
41. Kxg2 Qe7 42. Qxc6 Qe2+ 43. Kg1 Qxd2 44. Qxa6 Qxc3 45. Qxb5 Qxd4+
0-1

[Event "Autumn Leaves Tourney"]
[Site "SchemingMind.com"]
[Date "2019.01.11"]
[Round "-"]
[White "Black Knight"]
[Black "aliwood"]
[Result "1/2-1/2"]
[WhiteCountry "USA"]
[BlackCountry "ENG"]
[WhiteElo "1256"]
[WhiteRD "50"]
[BlackElo "1315"]
[BlackRD "58"]
[GameID "436932"]

1. d4 d5 2. c4 c6 3. Nc3 g6 4. Nf3 Bg7 5. Bf4 Nf6 6. Bxb8 Rxb8 7. c5 O-O 8. e3 Re8 9. Bd3 Bg4 10. O-O e6
11. Be2 Ne4 12. Nxe4 dxe4 13. Ne5 Bxe5 14. Bxg4 Bg7 15. Qc2 Qh4 16. Qxe4 Rbd8 17. Bf3 Qxe4 18. Bxe4 f5 19. Bc2 h5 20. b4 Re7
21. Rad1 Red7 22. Rd3 f4 23. Rfd1 fxe3 24. fxe3 Rf8 25. e4 Rdf7 26. Rf3 Rxf3 27. gxf3 Rxf3 28. Rf1 Bxd4+ 29. Kg2 Rxf1 30. Kxf1 Bc3
31. a3 Kf7 32. Ke2 Be5 33. h3 h4 34. Bb3 g5 35. Kf3=
1/2-1/2

[Event "Autumn Leaves Tourney"]
[Site "SchemingMind.com"]
[Date "2019.01.12"]
[Round "-"]
[White "aliwood"]
[Black "krzysztof"]
[Result "0-1"]
[WhiteCountry "ENG"]
[BlackCountry "POL"]
[WhiteElo "1393"]
[WhiteRD "59"]
[BlackElo "1574"]
[BlackRD "62"]
[GameID "436933"]

1. Nf3 d5 2. d4 Nc6 3. c4 dxc4 4. Nc3 b6 5. e3 Bb7 6. Bxc4 e6 7. O-O Bb4 8. a3 Bd6 9. Bd2 Nh6 10. Ne5 Nxe5
11. dxe5 Bxe5 12. Bb5+ c6 13. Ba4 b5 14. Bc2 c5 15. Rb1 Qg5 16. Ne4 Qh4 17. Ng3 Nf5 18. Bxf5 exf5 19. h3 Bxg3 20. fxg3 Qxg3
21. Rf2 Rd8 22. Qe2 O-O 23. Bc3 Rfe8 24. Rbf1 Rxe3 25. Qh5 Be4 26. Re1 Rd6 27. Rxe3 Qxe3 28. Qh4 f6 29. Ba5 Rd1+ 30. Kh2 Bc2
31. Rxc2 Qg1+ 32. Kg3 Rd3+ 33. Kf4 Qd4+
0-1

[Event "Autumn Leaves Tourney"]
[Site "SchemingMind.com"]
[Date "2019.01.13"]
[Round "-"]
[White "krzysztof"]
[Black "aliwood"]
[Result "1-0"]
[WhiteCountry "POL"]
[BlackCountry "ENG"]
[WhiteElo "1574"]
[WhiteRD "62"]
[BlackElo "1393"]
[BlackRD "59"]
[GameID "436934"]

1. e4 e5 2. Nf3 Nc6 3. Nc3 Nf6 4. h3 Be7 5. d4 d6 6. d5 Nd4 7. Nxd4 exd4 8. Qxd4 O-O 9. Bd3 c5 10. Qe3 Re8
11. Bd2 a6 12. g4 b5 13. b3 Bd7 14. f3 Qc7 15. Ne2 b4 16. c4 a5 17. f4 a4 18. bxa4 Bxa4 19. f5 Ra7 20. Ng3 Rea8
21. g5 Bb3 22. gxf6 Bxf6 23. Nh5 Bh4+ 24. Kf1 Rxa2 25. Rxa2 Rxa2 26. Ke2 f6 27. Nf4 Bg5 28. h4 Bxf4 29. Qxf4 Bc2 30. Bxc2 Rxc2
31. Rc1 b3 32. Rxc2 bxc2 33. Bc1 h6 34. Qd2 Kh7 35. Qxc2 g6 36. fxg6+ Kxg6 37. e5+
1-0

[Event "Autumn Leaves Tourney"]
[Site "SchemingMind.com"]
[Date "2019.01.11"]
[Round "-"]
[White "aliwood"]
[Black "James Reed"]
[Result "1-0"]
[WhiteCountry "ENG"]
[BlackCountry "ENG"]
[WhiteElo "1315"]
[WhiteRD "58"]
[BlackElo "1320"]
[BlackRD "86"]
[GameID "436935"]

1. Nf3 Nf6 2. d4 d5 3. c4 e6 4. e3 Nc6 5. Nc3 h6 6. Be2 Bd6 7. c5 Be7 8. O-O a6 9. a3 O-O 10. b4 Ne4
11. Nxe4 b5 12. Bb2 Qd7 13. Ne5 Nxe5 14. dxe5 dxe4 15. Qxd7 Bxd7 16. Rfd1 Rfd8 17. h3 c6 18. g3 Rab8 19. Rac1 Ra8 20. Rc2 Bc8
21. Rcd2 Bg5 22. Rxd8+ Bxd8 23. Rxd8+ Kh7 24. Bh5 g6 25. Be2 Bb7 26. Rxa8 Bxa8 27. f3 f5 28. fxe4 fxe4 29. Bg4 Kg7 30. Bxe6 Bb7
31. Bb3 Bc8 32. e6+ Kf8 33. Bf6 g5 34. Be5
1-0

[Event "Autumn Leaves Tourney"]
[Site "SchemingMind.com"]
[Date "2019.01.11"]
[Round "-"]
[White "James Reed"]
[Black "aliwood"]
[Result "0-1"]
[WhiteCountry "ENG"]
[BlackCountry "ENG"]
[WhiteElo "1320"]
[WhiteRD "86"]
[BlackElo "1315"]
[BlackRD "58"]
[GameID "436936"]

1. e4 e5 2. Nf3 Nc6 3. Bc4 Bc5 4. O-O Nf6 5. d4 exd4 6. Bf4 O-O 7. e5 Ng4 8. h3 Ne3 9. fxe3 dxe3 10. Qe2 d5
11. Bb5 d4 12. Na3 Bd7 13. Nc4 b6 14. a3 Qe8 15. Rfd1 Rd8 16. Rac1 Qe6 17. Ng5 Qf5 18. Qg4 Qxg4 19. hxg4 e2 20. Re1 d3+
21. Be3 Bxe3+ 22. Nxe3 d2 23. Bxe2 dxc1=Q 24. Rxc1 Nxe5 25. Rd1 h6 26. Ne4 Kh8 27. Kh2 f5 28. gxf5 a5 29. Nc4 Nxc4 30. Bxc4 Bxf5
31. Bd3 c6 32. b3 Bxe4 33. Rc1 Bxd3
0-1

[Event "Autumn Leaves Tourney"]
[Site "SchemingMind.com"]
[Date "2019.01.13"]
[Round "-"]
[White "Mitch The Man"]
[Black "ray winteringham"]
[Result "0-1"]
[WhiteCountry "USA"]
[BlackCountry "ENG"]
[WhiteElo "1326"]
[WhiteRD "61"]
[BlackElo "1481"]
[BlackRD "50"]
[GameID "437032"]

1. e4 c5 2. Bc4 e5 3. Ne2 d6 4. h3 Nf6 5. Nec3 Be7 6. O-O Bd7 7. Bxf7+ Kxf7 8. Re1 Nc6 9. a3 Rf8 10. d3 h6
11. Qf3 Kg8 12. Qg3 Kh7 13. Qh2 Nd4 14. Ra2 Nxc2 15. Re2 Nd4 16. Re1 Bb5 17. Nxb5 Nxb5 18. a4 Nd4 19. Nd2 a6 20. Nf3 Qa5
21. Bd2 Qc7 22. Nxd4 cxd4 23. Rc1 Qd7 24. b4 Qe6 25. Rb2 d5 26. exd5 Nxd5 27. g3 Bd6 28. a5 Qe7 29. Rcc2 Nxb4 30. Bxb4 Bxb4
31. Rc4 Bxa5 32. Rbc2 Rf3 33. Qg2 Rxd3 34. Qe4+ g6 35. Qxd3 h5 36. Qe4 Rd8 37. Ra4 b6
0-1

[Event "Autumn Leaves Tourney"]
[Site "SchemingMind.com"]
[Date "2019.01.13"]
[Round "-"]
[White "ray winteringham"]
[Black "Mitch The Man"]
[Result "1-0"]
[WhiteCountry "ENG"]
[BlackCountry "USA"]
[WhiteElo "1481"]
[WhiteRD "50"]
[BlackElo "1326"]
[BlackRD "61"]
[GameID "437033"]

1. e4 e5 2. d4 Nc6 3. d5 Nd4 4. Be3 Bc5 5. c3 Nc2+ 6. Qxc2 Bxe3 7. fxe3 d6 8. Ne2 Ne7 9. g3 O-O 10. Bg2 b5
11. Nd2 a6 12. O-O Bd7 13. b3 Bg4 14. Nc1 Ng6 15. c4 b4 16. a4 Qg5 17. Qd3 Qh5 18. Bf3 Bxf3 19. Nxf3 Qg4 20. Qd2 a5
21. Qc2 h5 22. Qg2 Qxe4 23. Qe2 Qg4 24. Qg2 e4 25. Nd2 f5 26. Ne2 Rf7 27. Nd4 Ne5 28. Rf4 Qg5 29. Raf1 Ng4 30. Ne6 Qf6
31. Rxe4 Qg6 32. Ref4 Nxe3 33. Qe2 Nxf1 34. Nxf1 Rc8 35. h4 Qf6 36. Nh2 g6 37. Qd1 Re8 38. Nf3 Qc3 39. Kh2 Qe3 40. Nfg5 Rfe7
41. Kg2 Qb6 42. Qd2 c5 43. Rf2 Qb7 44. Nh3 Rh7 45. Qg5 Qf7 46. Qd2 Qf6 47. Qg5 Qxg5 48. Nhxg5 Rd7 49. Nh3 Rde7 50. Nhf4 Kh7
51. Ng5+ Kh6 52. Nge6 Rg8 53. Re2 Ree8 54. Rf2 Re7 55. Kf3 Rb7 56. Re2 Re7 57. Ng5 Rxe2 58. Kxe2 Re8+ 59. Nfe6 Re7 60. Kd3 Rd7
61. Nf8 Re7 62. Nge6 Rf7 63. Ke3 Rf6 64. Nd7 Rf7 65. Nb8 f4+ 66. Nxf4 Rf5 67. Nc6 Rf8 68. Nxa5 Rf5 69. Nb7 Re5+ 70. Kf3 g5
71. hxg5+ Rxg5 72. Nxd6 Rf5 73. a5
1-0

[Event "Autumn Leaves Tourney"]
[Site "SchemingMind.com"]
[Date "2019.01.13"]
[Round "-"]
[White "aliwood"]
[Black "ray winteringham"]
[Result "0-1"]
[WhiteCountry "ENG"]
[BlackCountry "ENG"]
[WhiteElo "1315"]
[WhiteRD "58"]
[BlackElo "1483"]
[BlackRD "50"]
[GameID "437034"]

1. Nf3 Nc6 2. e4 e5 3. c4 Bc5 4. d3 Nge7 5. Be2 O-O 6. O-O d6 7. Nc3 h6 8. a3 f5 9. b4 Bd4 10. Bb2 Ng6
11. Nxd4 Nxd4 12. Bh5 Ne7 13. Ne2 Nxe2+ 14. Qxe2 f4 15. f3 Be6 16. c5 Bf7 17. Bxf7+ Rxf7 18. Qc2 Rc8 19. Qb3 Qe8 20. Rad1 Kh8
21. d4 Ng6 22. cxd6 cxd6 23. dxe5 dxe5 24. Rf2 Rcc7 25. Rfd2 Kh7 26. Rd8 Qe7 27. R8d2 Nh4 28. Qd3 Qg5 29. Bxe5 Qxe5 30. Qd5 Ng6
31. h4 Qxd5 32. exd5 Nxh4 33. d6 Rcd7 34. Rd4 Rf6 35. Kh2 g5 36. Rd5 Nf5 37. R1d3 Rdxd6 38. Kh3 h5 39. a4 g4+ 40. fxg4 hxg4+
41. Kxg4 Ne3+ 42. Kf3 Rxd5
0-1

[Event "Autumn Leaves Tourney"]
[Site "SchemingMind.com"]
[Date "2019.01.13"]
[Round "-"]
[White "ray winteringham"]
[Black "aliwood"]
[Result "1-0"]
[WhiteCountry "ENG"]
[BlackCountry "ENG"]
[WhiteElo "1483"]
[WhiteRD "50"]
[BlackElo "1315"]
[BlackRD "58"]
[GameID "437035"]

1. e4 e5 2. d4 d5 3. dxe5 Be6 4. Nf3 Bc5 5. Bd3 c6 6. exd5 cxd5 7. O-O Ne7 8. Ng5 Bf5 9. Bxf5 Nxf5 10. Qf3 Qe7
11. Qxf5 g6 12. Qc8+ Qd8 13. Qxd8+ Kxd8 14. Nxf7+ Kc8 15. Nxh8 Bd4 16. Nf7 Nc6 17. c3 Bb6 18. Bf4 Kd7 19. Na3 Ke6 20. Nd6 Rf8
21. Bg3 h5 22. h4 Bd8 23. Nxb7 Be7 24. Nd6 Nxe5 25. Bxe5 Kxe5 26. Nb7 Bxh4 27. Nc5 Kd6 28. b4 Rb8 29. g3 Be7 30. Rad1
1-0

[Event "Autumn Leaves Tourney"]
[Site "SchemingMind.com"]
[Date "2019.01.13"]
[Round "-"]
[White "Black Knight"]
[Black "ray winteringham"]
[Result "0-1"]
[WhiteCountry "USA"]
[BlackCountry "ENG"]
[WhiteElo "1256"]
[WhiteRD "50"]
[BlackElo "1483"]
[BlackRD "50"]
[GameID "437036"]

1. e4 e5 2. Nf3 Nc6 3. Bb5 d6 4. d3 Bd7 5. Nc3 Be7 6. Be3 h6 7. Qd2 a6 8. Bxc6 Bxc6 9. Nd5 Bxd5 10. exd5 Nf6
11. c4 O-O 12. O-O Nh7 13. d4 f6 14. dxe5 dxe5 15. Nh4 Qd7 16. Bxh6 gxh6 17. Qxh6 Rf7 18. Ng6 Bf8 19. Qh5 Rg7 20. Rae1 Qf7
21. Ne7+ Bxe7 22. Qh6 Qg6 23. Qxg6 Rxg6 24. Re4 Kf7 25. Rfe1 Rag8 26. g3 Ng5 27. Rg4 Nf3+
0-1

[Event "Autumn Leaves Tourney"]
[Site "SchemingMind.com"]
[Date "2019.01.13"]
[Round "-"]
[White "ray winteringham"]
[Black "Black Knight"]
[Result "1-0"]
[WhiteCountry "ENG"]
[BlackCountry "USA"]
[WhiteElo "1483"]
[WhiteRD "50"]
[BlackElo "1256"]
[BlackRD "50"]
[GameID "437037"]

1. e4 e5 2. d4 exd4 3. Qxd4 Nc6 4. Qd1 d6 5. Bc4 Nf6 6. f3 g6 7. b3 Bg7 8. Bb2 O-O 9. Nd2 d5 10. Bd3 dxe4
11. Nxe4 Re8 12. Ne2 Nxe4 13. Bxg7 Kxg7 14. Bxe4 Bf5 15. Bxc6 bxc6 16. O-O Qxd1 17. Rfxd1 Bxc2 18. Rd7 Rac8 19. Rc1 Rxe2 20. Kf1 Rce8
21. Rxc7 Bf5 22. R7xc6 Bd3 23. Kg1 Bb5 24. R6c5 Ba6 25. h3 Re1+ 26. Rxe1 Rxe1+ 27. Kf2 Re2+ 28. Kg3 Bd3 29. Ra5 a6 30. a3 h5
31. a4 f5 32. Rd5 h4+ 33. Kh2 Kh6 34. Rxd3 Re4 35. fxe4
1-0